Daniel Gallegos. Premio Magón. Más allá del bien y el mal /

Gorde:
Xehetasun bibliografikoak
Egile nagusia: Dobles, Aurelia
Formatua: Ezezaguna
Hizkuntza:Spanish
Gaiak:
Etiketak: Etiketa erantsi
Etiketarik gabe, Izan zaitez lehena erregistro honi etiketa jartzen!

MARC

LEADER 000000000a22000000004500
001 007226
041 0 |a spa 
100 1 |a Dobles, Aurelia 
245 1 0 |a Daniel Gallegos. Premio Magón. Más allá del bien y el mal /   |c Aurelia Dobles. 
650 4 |a ARTE COSTARRICENSE 
650 4 |a ENTREVISTAS 
650 4 |a ESCRITORES COSTARRICENSES 
650 4 |a TEATRO COSTARRICENSE 
773 0 |x 1013-9060  |d San José, Costa Rica : Editorial de la Universidad Estatal a Distancia  |t Revista Nacional de Cultura  |g número 35 (1999), páginas 22-26 
942 |c ARC 
999 |c 13342  |d 13342